Nuovo progetto italiano (Registro nro. 5369)

Detalles MARC
000 -CABECERA
campo de control de longitud fija 00764nam a2200241 a 4500
001 - NÚMERO DE CONTROL
campo de control Rebiun11872813
003 - IDENTIFICADOR DEL NÚMERO DE CONTROL
campo de control AR-RoIUNI
005 - FECHA Y HORA DE LA ÚLTIMA TRANSACCIÓN
campo de control 20220221151622.0
007 - CAMPO FIJO DE DESCRIPCIÓN FÍSICA--INFORMACIÓN GENERAL
campo de control de longitud fija ta
008 - DATOS DE LONGITUD FIJA--INFORMACIÓN GENERAL
campo de control de longitud fija 070921s2007 it 000 0 ita d
020 ## - NÚMERO INTERNACIONAL ESTÁNDAR DEL LIBRO
Número Internacional Estándar del Libro 9789606632723
040 ## - FUENTE DE LA CATALOGACIÓN
Centro catalogador/agencia de origen UGR.
Centro/agencia modificador UGR
Centro/agencia transcriptor AR-RoIUNI
080 ## - NÚMERO DE LA CLASIFICACIÓN DECIMAL UNIVERSAL
Número de la Clasificación Decimal Universal 811.131.1 MAG
100 1# - ENTRADA PRINCIPAL--NOMBRE DE PERSONA
Nombre de persona Magnelli, S.
245 10 - MENCIÓN DE TÍTULO
Título Nuovo progetto italiano
Resto del título Corso multimediale di lingua e civilta italiana : livello intermedio, B1-B2 Quadro Europeo di Riferimento.
Nombre de parte o sección de la obra Quaderno degli esercizi
Mención de responsabilidad, etc. S. Magnelli, T. Marin
Número de parte o sección de la obra 2
250 ## - MENCIÓN DE EDICIÓN
Mención de edición 4a. ed.
260 ## - PUBLICACIÓN, DISTRIBUCIÓN, ETC. (PIE DE IMPRENTA)
Lugar de publicación, distribución, etc. Roma :
Nombre del editor, distribuidor, etc. Edilingua,
Fecha de publicación, distribución, etc. 2010
300 ## - DESCRIPCIÓN FÍSICA
Extensión 142 p. :
Otras características físicas il. ;
Dimensiones 28 cm
650 10 - PUNTO DE ACCESO ADICIONAL DE MATERIA--TÉRMINO DE MATERIA
Término de materia o nombre geográfico como elemento inicial Italiano
9 (RLIN) 544
Subdivisión general Lengua
655 #4 - TÉRMINO DE INDIZACIÓN--GÉNERO/FORMA
Datos o término principal de género/forma Estudio y ejercicios
700 1# - PUNTO DE ACCESO ADICIONAL--NOMBRE DE PERSONA
Nombre de persona Marin, T.,
Término indicativo de función/relación coaut
942 ## - ELEMENTOS DE PUNTO DE ACCESO ADICIONAL (KOHA)
Fuente del sistema de clasificación o colocación Clasificación Decimal Universal
Tipo de ítem Koha Libros
Existencias
Estado de retiro Estado de pérdida Fuente del sistema de clasificación o colocación Estado dañado Excepción de préstamo Código de colección Localización permanente Ubicación/localización actual Ubicación en estantería Fecha de adquisición Fuente de adquisición Número de inventario Total de préstamos Signatura topográfica completa Código de barras Fecha visto por última vez Precio válido a partir de Tipo de ítem Koha Nota pública
    Clasificación Decimal Universal     Idiomas BIBLIOTECA CENTRAL BIBLIOTECA CENTRAL BIBLIOTECA CENTRAL 21/02/2022 Donación 7179   811.131.1 MAG 7179 21/02/2022 21/02/2022 Libros Donado por Carolina Greco